banner koha

Análise das flutuações do nível do mar no litoral de Santa Catarina (Registro n. 332363)

MARC details
000 -LÍDER
fixed length control field 03474nab a2200277 i 4500
003 - CÓDIGO MARC DA AGÊNCIA CATALOGADORA
Campo de controle BR-BrBNA
005 - DATA E HORA DA ÚLTIMA ATUALIZAÇÃO
Campo de controle 20250702131046.0
008 - CAMPO DE TAMANHO FIXO
fixed length control field 250702b2020 bl.tr|pooa||| 00| 0 por |
040 ## - FONTE DA CATALOGAÇÃO
Agência catalogadora BR-BrBNA
Idioma da catalogação por
072 ## - CATEGORIA AGRIS
Código AGRIS P40
100 ## - ENTRADA PRINCIPAL - NOME PESSOAL
Nome pessoal Araújo, Carlos Eduardo Salles de
245 ## - TÍTULO PRINCIPAL
Título principal Análise das flutuações do nível do mar no litoral de Santa Catarina
500 ## - NOTA GERAL
Nota geral <br/><br/>Publicação online; 13 ref.; 6 illus.; 4 tables; Summaries (En, Pt)
942 ## - ADDED ENTRY ELEMENTS (KOHA)
Koha item type Analítica
520 ## - NOTA DE RESUMO
Nota de conteúdo <br/><br/><br/>Resumo – As flutuações do nível do mar no litoral de Santa Catarina durante o outono de 2018 foram estudadas para se avaliar a contribuição dos fenômenos da maré meteorológica em relação às marés astronômicas previstas. As séries temporais das estações maregráficas oceânicas (Ilha da Paz, Balneário Camboriú, Imbituba e Balneário Rincão) foram consistidas, reamostradas para intervalos de 15 minutos e padronizadas pelo nível médio do mar. A maré meteorológica, avaliada para oscilações superiores ao período inercial da região, apresentou amplitudes de 30 a 40cm em relação ao nível médio no mar e ocorreu em períodos que variaram de 5 a 10 dias, correspondendo à escala de passagem dos sistemas atmosféricos frontais. Observou-se uma redução das amplitudes das marés astronômicas em direção ao sul do estado, de forma que a contribuição relativa das marés meteorológicas na variação do nível do mar ultrapassa 90% em casos extremos. Com base nestes resultados recomenda-se cautela no uso das tábuas de maré astronômica, especialmente para navegação costeira durante a entrada e a saída de embarcações em estuários, baías e enseadas. <br/><br/><br/>Termos de indexação: maré astronômica, maré meteorológica, navegação costeira
520 ## - NOTA DE RESUMO
Nota de conteúdo <br/><br/><br/>Abstract – Sea level fluctuations on the coast of Santa Catarina during the fall of 2018 were studied to evaluate the contribution of the meteorological tidal phenomenum in comparison with predicted astronomical tides. The time series of the open sea tidal stations (Ilha da Paz, Balneário Camboriú, Imbituba and Balneário Rincão) were quality controlled, interpolated at 15-minute intervals and standardized by mean sea level. The storm surge, evaluated in the inertial scale, presented amplitudes of 30 to 40cm in relation to the mean sea level and occurred in periods ranging from 5 to 10 days, corresponding to the temporal scale of the frontal atmospheric systems. There has been a reduction in the amplitude of astronomical tides towards the south of Santa Catarina, so that the relative contribution of the storm surges to sea level variation exceeds 90% in extreme cases. Based on these results, caution is advised in the use of astronomical tidal tables, especially for coastal navigation on inbound and outbound vessels in estuaries, bays and inlets. <br/><br/><br/>Index terms: astronomical tide, meteorological tide, coastal navigation
650 ## - ASSUNTO - THESAGRO
Cabeçalho tópico ou nome geográfico MAR
650 ## - ASSUNTO - THESAGRO
Cabeçalho tópico ou nome geográfico LITORAL
650 ## - ASSUNTO - THESAGRO
Cabeçalho tópico ou nome geográfico METEOROLOGIA
650 ## - ASSUNTO - THESAGRO
Cabeçalho tópico ou nome geográfico MARÉ
650 ## - ASSUNTO - THESAGRO
Cabeçalho tópico ou nome geográfico NAVEGAÇÃO
650 ## - ASSUNTO - THESAGRO
Cabeçalho tópico ou nome geográfico SANTA CATARINA
773 0# - ENTRADA ANALÍTICA
Host Biblionumber 1813
Registro do item 317200
Imprenta Florianópolis-SC Empresa de Pesquisa Agropecuária e Extensão Rural de Santa Catarina 1988-
Outro identificador 2024-3824
Título Agropecuária Catarinense (Brazil)
ISSN 0103-0779
Colação v. 33(1) p. 61-67; (2020)
Número de controle de registro BR2025004026
856 ## - ACESSO E ENDEREÇO ELETRÔNICO
Identificador uniforme de recurso - URI https://publicacoes.epagri.sc.gov.br/rac/article/view/535/680

Nenhum exemplar disponível.

BINAGRI

Telefone: (61)3218-2567/2388/3357/2097 - binagri@agro.gov.br

Ministério da Agricultura e Pecuária , Esplanada dos Ministérios, Bloco D, Anexo B, Brasília/DF, CEP: 70.043-900